000 00730nam a22002297a 4500
003 UA-OsUOA
001 79011
007 ta
008 20111027b un ||||| |||| 00| 0 ukr d
100 _aТимохін М.
700 _aБайдашнікова Т.
090 _a657
_bТ41
942 _cSA
040 _aUA-OsUOA
_bukr
_cUA-OsUOA
_dUA-OsUOA
245 _aОрганізаційні засади створення служб внутрішнього аудиту
300 _aС.8-10
955 _a0
041 _aukr
080 _a657
773 0 _w79010
_tФінансовий контроль
_dК.
_d2011
_g8
650 7 _a657 Бухгалтерія. Бухгалтерський облік. Рахівництво
_2UDC
999 _c365329
_d365329